Countries that border Laos - Statistics

General Stats
  • This quiz has been taken 91 times
  • The average score is 5 of 5
Answer Stats
Country % Correct
Vietnam
100%
Cambodia
99%
China
99%
Thailand
99%
Myanmar
94%
No matching quizzes found
Score Distribution
Percent of People with Each Score
Percentile by Number Answered
Your Score History
You have not taken this quiz